000 01225cam a2200349 a 4500
001 vtls001304067
003 NLI
005 20210627043856.0
008 120418s1982 vauab b i000 0 eng c
039 9 _y201204181931
_zVLOAD
040 0 _aNLI
_cVTLS-2012_FOD
_eAACR2
041 0 _aeng
044 _avau
082 0 4 _a551.210979784
245 0 4 _aThe 1980 eruptions of Mount St. Helens, Washington /
_cedited by Peter W. Lipman and Donal R. Mullineaux
260 _aWashington, D.C. :
_bUnited States Government Printing Office,
_c1981
300 _axxvii, 844 p. :
_bill. (some col.), maps (some col.) ;
_c30 cm.
440 0 _aGeological Survey professional paper ;
_v1250
_9707443
500 _aOne col. folded map in pocket
500 _aS/N 024-001-03452-2
500 _aItem 624
504 _aIncludes bibliographies and index
651 0 _aSaint Helens, Mount, (Wash.)
_xEruption, 1980
_9713611
700 1 _aLipman, Peter W.
_4edt
_9725154
700 1 _aMullineaux, Donal Ray,
_d1925-
_9725155
710 2 _aGeological Survey (U.S.)
887 _a
901 _aAD 158524
_b11.01.2011
902 _aU.S 551.210979784 Er 91
949 _AVIRTUAITEM
_D10000
_X100
_6ADX000158524ENG
942 _2ddc
_cBKS
999 _c596017
_d596017